<?xml version="1.0" encoding="UTF-8"?>
<collection xmlns="http://www.loc.gov/MARC21/slim">
 <record>
  <leader>02198nam a22004937a 4500</leader>
  <controlfield tag="001">000202529</controlfield>
  <controlfield tag="003">CZ-PrVSE</controlfield>
  <controlfield tag="005">20121112090701.0</controlfield>
  <controlfield tag="007">ta</controlfield>
  <controlfield tag="008">110814s2011    xr a   fr     001 0 cze d</controlfield>
  <datafield tag="015" ind1=" " ind2=" ">
   <subfield code="a">cnb002177080</subfield>
  </datafield>
  <datafield tag="020" ind1=" " ind2=" ">
   <subfield code="a">978-80-210-5318-2</subfield>
   <subfield code="q">(brož.)</subfield>
  </datafield>
  <datafield tag="035" ind1=" " ind2=" ">
   <subfield code="a">(OCoLC)724299888</subfield>
  </datafield>
  <datafield tag="040" ind1=" " ind2=" ">
   <subfield code="a">JHD001</subfield>
   <subfield code="b">cze</subfield>
   <subfield code="c">JHD001</subfield>
   <subfield code="d">JHD001</subfield>
   <subfield code="d">ABA006</subfield>
  </datafield>
  <datafield tag="072" ind1=" " ind2="7">
   <subfield code="a">519.1/.8</subfield>
   <subfield code="x">Kombinatorika. Teorie grafů. Matematická statistika. Operační výzkum. Matematické modelování</subfield>
   <subfield code="2">Konspekt</subfield>
   <subfield code="9">13</subfield>
  </datafield>
  <datafield tag="072" ind1=" " ind2="9">
   <subfield code="a">519</subfield>
   <subfield code="x">Probabilities and applied mathematics</subfield>
   <subfield code="2">Conspectus</subfield>
   <subfield code="9">13</subfield>
  </datafield>
  <datafield tag="080" ind1=" " ind2=" ">
   <subfield code="a">517.938</subfield>
   <subfield code="2">MRF</subfield>
  </datafield>
  <datafield tag="080" ind1=" " ind2=" ">
   <subfield code="a">519.86/.87</subfield>
   <subfield code="2">MRF</subfield>
  </datafield>
  <datafield tag="080" ind1=" " ind2=" ">
   <subfield code="a">(0.062)</subfield>
   <subfield code="2">MRF</subfield>
  </datafield>
  <datafield tag="080" ind1=" " ind2=" ">
   <subfield code="a">(078.7)</subfield>
   <subfield code="2">MRF</subfield>
  </datafield>
  <datafield tag="099" ind1=" " ind2="9">
   <subfield code="a">519.8PEL</subfield>
  </datafield>
  <datafield tag="100" ind1="1" ind2=" ">
   <subfield code="a">Pelánek, Radek,</subfield>
   <subfield code="d">1980-</subfield>
   <subfield code="7">mzk2005312866</subfield>
   <subfield code="4">aut</subfield>
  </datafield>
  <datafield tag="245" ind1="1" ind2="0">
   <subfield code="a">Modelování a simulace komplexních systémů :</subfield>
   <subfield code="b">jak lépe porozumět světu /</subfield>
   <subfield code="c">Radek Pelánek</subfield>
  </datafield>
  <datafield tag="246" ind1="3" ind2="0">
   <subfield code="a">Jak lépe porozumět světu</subfield>
  </datafield>
  <datafield tag="250" ind1=" " ind2=" ">
   <subfield code="a">Vyd. 1.</subfield>
  </datafield>
  <datafield tag="260" ind1=" " ind2=" ">
   <subfield code="a">Brno :</subfield>
   <subfield code="b">Masarykova univerzita,</subfield>
   <subfield code="c">2011</subfield>
  </datafield>
  <datafield tag="300" ind1=" " ind2=" ">
   <subfield code="a">233 s. :</subfield>
   <subfield code="b">il.</subfield>
  </datafield>
  <datafield tag="500" ind1=" " ind2=" ">
   <subfield code="a">Terminologický slovník</subfield>
  </datafield>
  <datafield tag="504" ind1=" " ind2=" ">
   <subfield code="a">Obsahuje bibliografii a rejstřík</subfield>
  </datafield>
  <datafield tag="650" ind1="0" ind2="7">
   <subfield code="a">dynamické systémy</subfield>
   <subfield code="7">ph117185</subfield>
   <subfield code="2">czenas</subfield>
  </datafield>
  <datafield tag="650" ind1="0" ind2="7">
   <subfield code="a">modelování a simulace</subfield>
   <subfield code="7">ph125543</subfield>
   <subfield code="2">czenas</subfield>
  </datafield>
  <datafield tag="655" ind1=" " ind2="7">
   <subfield code="a">populárně-naučné publikace</subfield>
   <subfield code="7">fd131864</subfield>
   <subfield code="2">czenas</subfield>
  </datafield>
  <datafield tag="655" ind1=" " ind2="7">
   <subfield code="a">případové studie</subfield>
   <subfield code="7">fd133208</subfield>
   <subfield code="2">czenas</subfield>
  </datafield>
  <datafield tag="650" ind1="0" ind2="9">
   <subfield code="a">dynamical systems</subfield>
   <subfield code="2">eczenas</subfield>
  </datafield>
  <datafield tag="650" ind1="0" ind2="9">
   <subfield code="a">modeling and simulation</subfield>
   <subfield code="2">eczenas</subfield>
  </datafield>
  <datafield tag="655" ind1=" " ind2="9">
   <subfield code="a">popular works</subfield>
   <subfield code="2">eczenas</subfield>
  </datafield>
  <datafield tag="655" ind1=" " ind2="9">
   <subfield code="a">case studies</subfield>
   <subfield code="2">eczenas</subfield>
  </datafield>
  <datafield tag="993" ind1=" " ind2=" ">
   <subfield code="a">004756253</subfield>
  </datafield>
  <datafield tag="996" ind1=" " ind2=" ">
   <subfield code="1">HPUVV</subfield>
   <subfield code="3">A 9461-V1</subfield>
   <subfield code="4">N:P</subfield>
   <subfield code="5">4202133987</subfield>
   <subfield code="8">20110814</subfield>
   <subfield code="9">519.8PEL</subfield>
   <subfield code="f">81</subfield>
   <subfield code="l">UEP01</subfield>
   <subfield code="m">BOOK</subfield>
   <subfield code="q">Knihovna FM JH volný výběr</subfield>
   <subfield code="t">na 1 měsíc</subfield>
   <subfield code="u">UEP01</subfield>
  </datafield>
  <datafield tag="996" ind1=" " ind2=" ">
   <subfield code="1">PKIZI</subfield>
   <subfield code="3">F213194a</subfield>
   <subfield code="4">N:P</subfield>
   <subfield code="5">3142292666</subfield>
   <subfield code="8">20160621</subfield>
   <subfield code="9">519.8PEL</subfield>
   <subfield code="f">83</subfield>
   <subfield code="g">44882</subfield>
   <subfield code="l">UEP01</subfield>
   <subfield code="m">BOOK</subfield>
   <subfield code="q">KIZI</subfield>
   <subfield code="s">DISLOK: Sklenák, Vilém - ISIS172</subfield>
   <subfield code="t">na dislokovaném</subfield>
   <subfield code="u">UEP01</subfield>
   <subfield code="w">20160725</subfield>
  </datafield>
  <datafield tag="996" ind1=" " ind2=" ">
   <subfield code="1">PKIZI</subfield>
   <subfield code="3">F213194b</subfield>
   <subfield code="4">N:P</subfield>
   <subfield code="5">3142292667</subfield>
   <subfield code="8">20160621</subfield>
   <subfield code="9">519.8PEL</subfield>
   <subfield code="f">83</subfield>
   <subfield code="g">44882</subfield>
   <subfield code="l">UEP01</subfield>
   <subfield code="m">BOOK</subfield>
   <subfield code="q">KIZI</subfield>
   <subfield code="s">DISLOK: Sklenák, Vilém - ISIS172</subfield>
   <subfield code="t">na dislokovaném</subfield>
   <subfield code="u">UEP01</subfield>
   <subfield code="w">20160725</subfield>
  </datafield>
  <datafield tag="996" ind1=" " ind2=" ">
   <subfield code="1">PSTUD</subfield>
   <subfield code="3">F213194</subfield>
   <subfield code="4">N:P</subfield>
   <subfield code="5">3142261663</subfield>
   <subfield code="8">20121019</subfield>
   <subfield code="9">519.8PEL</subfield>
   <subfield code="f">81</subfield>
   <subfield code="g">33543</subfield>
   <subfield code="l">UEP01</subfield>
   <subfield code="m">BOOK</subfield>
   <subfield code="q">Studovna Žižkov</subfield>
   <subfield code="t">na 1 měsíc</subfield>
   <subfield code="u">UEP01</subfield>
   <subfield code="w">20121113</subfield>
  </datafield>
 </record>
</collection>
